000 00906aaa a2200217 a 4500
001 78536
003 BD-RjUL
005 20211209083136.0
008 210930s1956 le ||||| |||| 001 0 ara d
035 _a(BD-RjUL)78762
040 _aBD-RjUL
_beng
_cBD-RjUL
041 _aara
082 _223
_a949.502
_bRUR 1956
100 1 _aرستم، أسد، ;; rustum, 'asad
_d (1897-1965
_9248805
245 1 4 _aالروم في سياستهم وحضارتهم ودينهم وثقافتهم وصلتهم بالعرب = History of The Byzantine Empire : with special reference to its relations with contemporaneous moslem states wasilatihim bil Arab /
_bأسد رستم. = by Asad J. Rustum.
260 _aبيروت = Beyrouth :
_bدار المكشوف، Dar al Makchouf ,
_c1956 [1376]
300 _av. ; [346 P. ;]
_c22 CM
505 _aVol. 2.--
650 _aHistory
_vByzantine Empire
_9248806
942 _2ddc
_cBK
999 _c78536
_d78536